000 00302nam a22001337a 4500
008 170126b xxu||||| |||| 00| 0 eng d
020 _a00257125
041 _aeng
080 _a61
100 _a3
101 _aSHM
245 _aTHE MEDICAL CLINICS OF NORTH AMERICA
_cOSGUTHORPE, J.D
942 _2udc
_cBK
999 _c3813
_d3813